000 01009nam a22002777a 4500
001 7155
003 FISKH
005 20250630110031.0
008 250630b cb ||||| |||| 00| 0 eng d
020 _a9780545065788
040 _aFISKH
_beng
_cFISKH
_dFISKH
050 _aPZ7
082 _a428.6
100 _aLee, Guinlan B.
245 _aThe magic school bus takes a nap /
_cBy Quinlan B.
260 _aNew York :
_bScholastic,
_c2008.
300 _a16 unnumbered pages :
_bcolor illustrations ;
_c20 cm
490 _aPhonics reading program :
_vBook 1, short a .
505 _aE
520 _aThe Magic School Bus can transform into any shape to take Ms. Frizzle and her class on amazing field trips!. Climb aboard the Magic School Bus to learn about animals that nap all winter, and to read words with the short "a" sound.
521 8 _a290
_bLexile estimate
521 8 _aE
_bRaz-Plus
650 _aMissing
_vNon-fiction
_xShort vowels
942 _2ddc
_cBK
_n0
999 _c7155
_d7155